Sherlock Holmes (Record no. 11278)

MARC details
000 -LEADER
fixed length control field 00256nam a22000977a 4500
008 - FIXED-LENGTH DATA ELEMENTS--GENERAL INFORMATION
fixed length control field 190115b ||||| |||| 00| 0 eng d
020 ## - INTERNATIONAL STANDARD BOOK NUMBER
International Standard Book Number 9788122313123
100 ## - MAIN ENTRY--PERSONAL NAME
Personal name Doyle Conn Arthur
9 (RLIN) 7021
245 ## - TITLE STATEMENT
Title Sherlock Holmes
260 ## - PUBLICATION, DISTRIBUTION, ETC. (IMPRINT)
Place of publication, distribution, etc. New Delhi
Name of publisher, distributor, etc. Pustak Mahal
Date of publication, distribution, etc. 2018
Holdings
Withdrawn status Lost status Source of classification or shelving scheme Damaged status Koha normalized classification for sorting Not for loan Home library Current library Shelving location Date acquired Total Checkouts Full call number Barcode Date last seen Date last checked out Price effective from Koha item type
    Dewey Decimal Classification   823_000000000000000   Good Samaritan School Library Good Samaritan School Library FICTION 01/15/2019 2 823 DOY15214 02/13/2019 02/05/2019 01/15/2019 BOOK

Powered by Koha